|
|
|
|
| LEADER |
00000nac a2200000 a 4500 |
| 003 |
Ucuenca |
| 005 |
20230308221512.0 |
| 008 |
016050|1969 sp |||||r|||||||||||spa|| |
| 040 |
|
|
|b spa
|
| 041 |
0 |
|
|a spa
|
| 082 |
0 |
|
|a 371.3
|
| 100 |
1 |
|
|a Tusquets, Juan
|9 198637
|
| 245 |
|
|
|a Teoría y práctica de la pedagogía comparada
|c Juan Tusquets. Colaboración bibliográfica de Pilar Llopart
|h imp
|
| 264 |
|
|
|a Madrid
|b Magisterio Español
|c 1969
|
| 300 |
|
|
|a 366 páginas:
|c 22.5 cm
|
| 490 |
|
|
|a Ciencias de la Educación
|
| 504 |
|
|
|a incl. ref.
|
| 650 |
|
0 |
|a Pedagogia comparada
|9 30742
|
| 852 |
|
|
|a UC-CDJBV
|f Donación
|l 1
|m General
|p 20160509
|q 1.00
|r 2
|t si12584
|b 0
|d CDRC
|e CDRC
|g 371.3 PRIMER PISO
|z 2016-60-50
|
| 856 |
|
|
|a http://sibuc.ucuenca.edu.ec/portada/si12584-cdj.jpg
|
| 942 |
|
|
|c CR
|0 1
|
| 999 |
|
|
|c 137175
|d 137175
|